| 000 | 00981nam a2200277 i 4500 | ||
|---|---|---|---|
| 001 | 67638 | ||
| 003 | ES-MaACL | ||
| 005 | 20230906170123.0 | ||
| 007 | t| | ||
| 008 | 040608s2003 sp |||| | spa d | ||
| 020 | _a84-95240-84-X | ||
| 080 | _a347.714 | ||
| 080 | _a340.13 | ||
| 100 | 1 |
_aEhrenberg, Victor. _946781 |
|
| 245 | 1 | 0 |
_aSeguridad jurídica y seguridad del tráfico / _cVictor Ehrenberg ; introducción y traducción de Antonio Pau. |
| 260 |
_a[Madrid] : _bColegio de Registradores de la Propiedad, Mercantiles y Bienes Muebles de España, _c[2003] |
||
| 300 |
_a119 p. ; _c18 cm. |
||
| 490 | 1 | _aCuadernos de derecho registral | |
| 650 | 1 | 4 |
_aRegistro mercantil. _916766 |
| 650 | 1 | 4 |
_aSeguridad jurídica. _917022 |
| 700 | 1 |
_aPau Pedrón, Antonio. _989620 |
|
| 710 | 2 |
_aColegio de Registradores de la Propiedad y Mercantiles de España. _92938 |
|
| 830 | 0 |
_aCuadernos de derecho registral _9230907 |
|
| 852 |
_aES-MaACL _jL-27934 |
||
| 999 |
_c67638 _d67638 |
||